LIBRARY & INFORMATION CENTRE, KCAET, TAVANUR

ONLINE PUBLIC ACCESS CATALOGUE (OPAC)

Mahadevbaiki dayari / (Record no. 12178)

MARC details
000 -LEADER
fixed length control field 00420cam a2200169ua 4500
041 ## - LANGUAGE CODE
Language code of text/sound track or separate title hin
082 ## - DEWEY DECIMAL CLASSIFICATION NUMBER
Classification number 891.43
Item number PAR/MA
100 ## - MAIN ENTRY--AUTHOR NAME
Personal name Parikh, Narhari, .
245 ## - TITLE STATEMENT
Title Mahadevbaiki dayari /
260 ## - PUBLICATION, DISTRIBUTION, ETC. (IMPRINT)
Place of publication :
Name of publisher Navjeevan prakashan mandir ,
Year of publication 1950.
300 ## - PHYSICAL DESCRIPTION
Number of Pages 447 ; .
942 ## - ADDED ENTRY ELEMENTS (KOHA)
Koha item type Books
Holdings
Withdrawn status Lost status Damaged status Home library Current library Date acquired Full call number Accession Number Koha item type
Withdrawn     KAUAET Malayalam University 07/04/2012 891.43 3269 Books
free website counter